| 000 | 00710nam a22002297a 4500 | ||
|---|---|---|---|
| 999 |
_c5060 _d5060 |
||
| 003 | AR-CdUCM | ||
| 008 | 190311b ||||| |||| 00| 0 spa d | ||
| 020 | _a8472235572 | ||
| 040 |
_aMUNICIPALIDAD PROVINCIAL DEL CUSCO _cBIBLIOTECA MUNICIPAL DEL CUSCO |
||
| 082 |
_a869.964 / _bSA26 |
||
| 100 |
_aSarduy, Severo _915441 |
||
| 245 | _aBig bang / | ||
| 260 |
_aBarcelona : _bTusquets editor, _c1974. |
||
| 300 |
_a114 páginas ; _c17.5 cm. |
||
| 440 |
_aCuadernos ínfimos _n : 57 _915442 |
||
| 500 | _aDonación de la familia Nieto. | ||
| 650 |
_aPoesía cubana - Siglo XX _915443 |
||
| 650 |
_aPoetas cubanos _915395 |
||
| 650 |
_aSevero Saduy - Poemas _915444 |
||
| 942 |
_2ddc _cLIBROS |
||
| 945 | _alccs | ||